钓鱼岛及其附属岛屿Diaoyu Island and Islands Affiliated to It - Statistics

General Stats
  • This quiz has been taken 33 times
  • The average score is 5 of 71
Answer Stats
答案 % Correct
钓鱼岛
97%
赤尾屿
71%
黄尾屿
35%
北小岛
23%
南小岛
23%
北屿
10%
南屿
10%
飞屿
10%
龙头鱼岛
3%
鲳鱼岛
3%
大黄鱼岛
3%
小黄鱼岛
3%
金钱鱼岛
3%
金钱鱼西岛
3%
梅童鱼岛
3%
梅童鱼东岛
3%
梅童鱼西岛
3%
龙王鲷岛
3%
龙王鲷西岛
3%
龙王鲷东岛
3%
龙王鲷南岛
3%
黄姑鱼岛
3%
海豚岛
3%
大珠岛
3%
小珠岛
3%
上虎牙岛
3%
下虎牙岛
3%
西牛角岛
3%
东牛角岛
3%
黄牛岛
3%
牛尾岛
3%
牛蹄岛
3%
小龙岛
3%
大雁岛
3%
燕子岛
3%
刺猬岛
3%
卧蚕岛
3%
大金龟子岛
3%
小金龟子岛
3%
海龟岛
3%
海星岛
3%
海贝岛
3%
赤背北岛
3%
赤背东岛
3%
赤背西岛
3%
赤背南岛
3%
小赤尾岛
3%
赤头岛
3%
赤冠岛
3%
赤鼻岛
3%
赤嘴岛
3%
望赤岛
3%
鸟巢岛
3%
鸟卵岛
3%
小鸟岛
3%
龙门北岛
3%
龙门岛
3%
龙门南岛
3%
卧龙岛
3%
卧龙西岛
3%
飞龙北岛
3%
飞龙岛
3%
龙珠岛
3%
飞龙南岛
3%
长龙岛
3%
金龙岛
3%
北屿仔岛
3%
小元宝岛
3%
飞云岛
3%
元宝岛
3%
飞仔岛
3%
No matching quizzes found
Score Distribution
Percent of People with Each Score
Percentile by Number Answered
Your Score History
You have not taken this quiz